000 00497nam a2200169 i 4500
001 31070
003 ES-MaACL
005 20230906154314.0
007 t|
008 030128s1966 sp ||||1| spa d
100 1 _aBellotti, Felice.
_927279
245 1 0 _aTierra maya /
_cFelice Bellotti ; traducción Giménez Sales.
260 _aBarcelona, etc. :
_bFerma,
_c[1966]
300 _a598 p., 68 lám. :
_bil. ;
_c24 cm.
700 1 _aGiménez Sales.
_957064
852 _aES-MaACL
_jC-29189
_bR.59544
999 _c31070
_d31070